000 01087cam a2200181 4500
001 ##L135598
008 061113n 000 0 eng u
035 _a(Sirsi) u135598
041 0 _aRUR
110 1 _aUnited Kingdom
_bDepartment of Trade and Industry
245 0 0 _aLow carbon buildings programme
520 _aWebsite for phase one of the DTI's low carbon buildings programme, which will provide grants for microgeneration technologies to householders, community organisations, schools, and the public. Explains how householders and community organisations can apply for a low carbon buildings grant and outlines the microgeneration technologies. Also provides information and resources to help plan a microgeneration project, including accredited installers and products, latest news, and useful links.
590 _aKA
651 4 _aUnited Kingdom
_y
690 _aENVIRONMENTAL AND LAND CONSULTANCY-ENERGY-ENERGY USE-ENERGY EFFICIENCY
856 4 0 _uhttps://www.lowcarbonbuildings.org.uk/home
_zView the website free of charge at www.lowcarbonbuildings.org.uk...
942 _n0
999 _c120538
_d120538